000 00582nam a2200193Ia 4500
003 GCL
008 140319s9999 xx 000 0 ara d
040 _aGCL /
_cGCL
082 0 4 _aق
_b953.07393
_bج ا
100 1 _aجرجس بن العميد
245 1 0 _aاخبار الايوبيين /
_cجرجس بن العميد
300 _a63 ص
490 _a
650 0 4 _aالتاريخ الاسلامى
650 0 4 _aالدولة الايوبية
650 0 4 _aالايوبيون
650 0 4 _aمصر - تاريخ - العصر الايوبى ( 1171-1250 م )
942 _2ddc
_cBK
999 _c39119
_d39119